Normal view
MARC view
- Bandidos y ladrones
Entry Materia
001 - NÚMERO DE CONTROL DEL REGISTRO
- campo de control: 54027
003 - IDENTIFICADOR DE NUMERO DE CONTROL
- campo de control: MX-MxUPN
005 - FECHA Y HORA DE LA ÚLTIMA TRANSACCIÓN
- campo de control: 20241010164937.0
008 - DATOS DE LONGITUD FIJA
- campo de control de longitud fija: 241010|| aca||babn | a|a d
040 ## - FUENTE DE LA CATALOGACIÓN
- Centro catalogador de origen: DLC
- Lengua de catalogación: spa
- Agencia de transcripción: DLC
- Agencia de modificación: MX-MxUPN
150 ## - ENCABEZAMIENTO - TEMÁTICO
- Término de materia o nombre geográfico como elemento inicial: Bandidos y ladrones
- Subdivisión de forma: Literatura infantil
670 ## - FUENTE EN LA QUE SE LOCALIZARON DATOS
- Cita de la fuente: Autoridades LC, 10 octubre 2024 :
- Información localizada: (Brigands and robbers--Juvenile fiction)
902 ## - CATALOGADOR
- Catalogador: MaríaRobles/101024
